000 00671nam a2200277Ia 4500
005 20260324120032.0
008 008 260324s9999 xx 000 0 eng d
020 _a9781315593814
037 _aEBOOK
040 _aCRL
040 _beng
040 _cCRL
041 _2eng
041 _aeng
084 _qCRL
100 _aMerry E. Wiesner-Hanks
_91156976
245 0 _aMapping Gendered Routes and Spaces in the Early Modern World
260 _bTaylor and Francis
260 _c2015
365 _a
365 _b230
856 _uhttp://www.taylorfrancis.com/books/9781315593814
942 _cEBOOK
999 _c1748270
_d1748270